000 00643nam a2200229Ia 4500
003 OSt
005 20220923214612.0
006 a|||||r|||| 00| 0
007 ta
008 220922b |||||||| |||| 00| 0 hin d
024 _a171,224
037 _cTextual
040 _aARTS
_cARTS
_bhin
041 _2hin
_ahin
082 _aO152:3N61:11, J6
100 _aनागर, अमृत लाल
_9157452
245 0 _aबूंद और समूद्र
246 _aBūanda aur samūdra
260 _c1956
942 _hO152:3N61:11, J6
_cTEXL
_2CC
999 _c325449
_d325449